000 00286nam a22001217a 4500
020 _a9789696650515
040 _cNUST
082 _a297
_bMUB
100 _aMubeshra Paracha
_982397
245 _aHonesty My Islamic Values
260 _aLahore:
_bMaqbool Books,
_c2020.
942 _2ddc
_cBK
999 _c586456
_d586456